<?xml version="1.0" encoding="UTF-8"?>
<collection xmlns="http://www.loc.gov/MARC21/slim">
 <record>
  <leader>09636cam a2201477   4500</leader>
  <controlfield tag="001">1608301168</controlfield>
  <controlfield tag="003">DE-627</controlfield>
  <controlfield tag="005">20240817195806.0</controlfield>
  <controlfield tag="007">tu</controlfield>
  <controlfield tag="008">000127s2000    gw ||||| m    00| ||ger c</controlfield>
  <datafield tag="015" ind1=" " ind2=" ">
   <subfield code="a">00,N19,0724</subfield>
   <subfield code="2">dnb</subfield>
  </datafield>
  <datafield tag="015" ind1=" " ind2=" ">
   <subfield code="a">01,A20,1647</subfield>
   <subfield code="2">dnb</subfield>
  </datafield>
  <datafield tag="016" ind1="7" ind2=" ">
   <subfield code="a">958838313</subfield>
   <subfield code="2">DE-101</subfield>
  </datafield>
  <datafield tag="020" ind1=" " ind2=" ">
   <subfield code="a">3412084999</subfield>
   <subfield code="9">3-412-08499-9</subfield>
  </datafield>
  <datafield tag="024" ind1="8" ind2=" ">
   <subfield code="a">9783412084998</subfield>
   <subfield code="q">Sonstige Nr.</subfield>
  </datafield>
  <datafield tag="035" ind1=" " ind2=" ">
   <subfield code="a">(DE-627)1608301168</subfield>
  </datafield>
  <datafield tag="035" ind1=" " ind2=" ">
   <subfield code="a">(DE-576)083001360</subfield>
  </datafield>
  <datafield tag="035" ind1=" " ind2=" ">
   <subfield code="a">(DE-599)BSZ083001360</subfield>
  </datafield>
  <datafield tag="035" ind1=" " ind2=" ">
   <subfield code="a">(OCoLC)44937098</subfield>
  </datafield>
  <datafield tag="035" ind1=" " ind2=" ">
   <subfield code="a">(OCoLC)247412978</subfield>
  </datafield>
  <datafield tag="035" ind1=" " ind2=" ">
   <subfield code="a">(OCoLC)44937098</subfield>
  </datafield>
  <datafield tag="035" ind1=" " ind2=" ">
   <subfield code="a">(OCoLC)722913454</subfield>
  </datafield>
  <datafield tag="035" ind1=" " ind2=" ">
   <subfield code="a">(DE-604)8131280848</subfield>
  </datafield>
  <datafield tag="040" ind1=" " ind2=" ">
   <subfield code="a">DE-627</subfield>
   <subfield code="b">ger</subfield>
   <subfield code="c">DE-627</subfield>
   <subfield code="e">rakwb</subfield>
  </datafield>
  <datafield tag="041" ind1=" " ind2=" ">
   <subfield code="a">ger</subfield>
  </datafield>
  <datafield tag="044" ind1=" " ind2=" ">
   <subfield code="c">XA-DE</subfield>
   <subfield code="c">XA-AT</subfield>
  </datafield>
  <datafield tag="050" ind1=" " ind2="0">
   <subfield code="a">TH73.5.S74 2000</subfield>
  </datafield>
  <datafield tag="082" ind1="0" ind2=" ">
   <subfield code="a">354.640943</subfield>
  </datafield>
  <datafield tag="084" ind1=" " ind2=" ">
   <subfield code="a">20</subfield>
   <subfield code="a">38</subfield>
   <subfield code="a">65</subfield>
   <subfield code="2">sdnb</subfield>
  </datafield>
  <datafield tag="084" ind1=" " ind2=" ">
   <subfield code="a">7,41</subfield>
   <subfield code="2">ssgn</subfield>
  </datafield>
  <datafield tag="084" ind1=" " ind2=" ">
   <subfield code="a">LK 79750</subfield>
   <subfield code="2">rvk</subfield>
   <subfield code="0">(DE-625)rvk/98296:154</subfield>
  </datafield>
  <datafield tag="084" ind1=" " ind2=" ">
   <subfield code="a">LK 79530</subfield>
   <subfield code="2">rvk</subfield>
   <subfield code="0">(DE-625)rvk/98277:</subfield>
  </datafield>
  <datafield tag="084" ind1=" " ind2=" ">
   <subfield code="a">ZI 3800</subfield>
   <subfield code="2">rvk</subfield>
   <subfield code="0">(DE-625)rvk/156399:</subfield>
  </datafield>
  <datafield tag="084" ind1=" " ind2=" ">
   <subfield code="a">ND 7240</subfield>
   <subfield code="2">rvk</subfield>
   <subfield code="0">(DE-625)rvk/125123:</subfield>
  </datafield>
  <datafield tag="084" ind1=" " ind2=" ">
   <subfield code="a">NR 6870</subfield>
   <subfield code="2">rvk</subfield>
   <subfield code="0">(DE-625)rvk/129672:</subfield>
  </datafield>
  <datafield tag="084" ind1=" " ind2=" ">
   <subfield code="a">NT 6006</subfield>
   <subfield code="2">rvk</subfield>
   <subfield code="0">(DE-625)rvk/131073:</subfield>
  </datafield>
  <datafield tag="084" ind1=" " ind2=" ">
   <subfield code="a">ZI 2850</subfield>
   <subfield code="2">rvk</subfield>
   <subfield code="0">(DE-625)rvk/156370:</subfield>
  </datafield>
  <datafield tag="084" ind1=" " ind2=" ">
   <subfield code="a">NR 6800</subfield>
   <subfield code="2">rvk</subfield>
   <subfield code="0">(DE-625)rvk/129670:</subfield>
  </datafield>
  <datafield tag="084" ind1=" " ind2=" ">
   <subfield code="a">LK 79750-LK 79755</subfield>
   <subfield code="2">rvk</subfield>
   <subfield code="0">(DE-625)rvk/98296:153</subfield>
  </datafield>
  <datafield tag="084" ind1=" " ind2=" ">
   <subfield code="a">LK 79754</subfield>
   <subfield code="2">rvk</subfield>
   <subfield code="0">(DE-625)rvk/98296:158</subfield>
  </datafield>
  <datafield tag="084" ind1=" " ind2=" ">
   <subfield code="a">LI 79700</subfield>
   <subfield code="2">rvk</subfield>
   <subfield code="0">(DE-625)rvk/97057:</subfield>
  </datafield>
  <datafield tag="084" ind1=" " ind2=" ">
   <subfield code="a">LI 33550</subfield>
   <subfield code="2">rvk</subfield>
   <subfield code="0">(DE-625)rvk/96101:</subfield>
  </datafield>
  <datafield tag="084" ind1=" " ind2=" ">
   <subfield code="a">15.12</subfield>
   <subfield code="2">bkl</subfield>
  </datafield>
  <datafield tag="084" ind1=" " ind2=" ">
   <subfield code="a">21.60</subfield>
   <subfield code="2">bkl</subfield>
  </datafield>
  <datafield tag="084" ind1=" " ind2=" ">
   <subfield code="a">56.01</subfield>
   <subfield code="2">bkl</subfield>
  </datafield>
  <datafield tag="084" ind1=" " ind2=" ">
   <subfield code="a">88.11</subfield>
   <subfield code="2">bkl</subfield>
  </datafield>
  <datafield tag="084" ind1=" " ind2=" ">
   <subfield code="a">15.46</subfield>
   <subfield code="2">bkl</subfield>
  </datafield>
  <datafield tag="090" ind1=" " ind2=" ">
   <subfield code="a">a</subfield>
  </datafield>
  <datafield tag="100" ind1="1" ind2=" ">
   <subfield code="a">Strecke, Reinhart</subfield>
   <subfield code="d">1949-</subfield>
   <subfield code="0">(DE-588)12427370X</subfield>
   <subfield code="0">(DE-627)085753130</subfield>
   <subfield code="0">(DE-576)163221804</subfield>
   <subfield code="4">aut</subfield>
  </datafield>
  <datafield tag="245" ind1="1" ind2="0">
   <subfield code="a">Anfänge und Innovation der preußischen Bauverwaltung</subfield>
   <subfield code="b">von David Gilly zu Karl Friedrich Schinkel</subfield>
   <subfield code="c">von Reinhart Strecke</subfield>
  </datafield>
  <datafield tag="264" ind1=" " ind2="1">
   <subfield code="a">Köln</subfield>
   <subfield code="a">Weimar</subfield>
   <subfield code="a">Wien</subfield>
   <subfield code="b">Böhlau</subfield>
   <subfield code="c">2000</subfield>
  </datafield>
  <datafield tag="300" ind1=" " ind2=" ">
   <subfield code="a">VIII, 259, [10] S.</subfield>
   <subfield code="b">Ill.</subfield>
  </datafield>
  <datafield tag="336" ind1=" " ind2=" ">
   <subfield code="a">Text</subfield>
   <subfield code="b">txt</subfield>
   <subfield code="2">rdacontent</subfield>
  </datafield>
  <datafield tag="337" ind1=" " ind2=" ">
   <subfield code="a">ohne Hilfsmittel zu benutzen</subfield>
   <subfield code="b">n</subfield>
   <subfield code="2">rdamedia</subfield>
  </datafield>
  <datafield tag="338" ind1=" " ind2=" ">
   <subfield code="a">Band</subfield>
   <subfield code="b">nc</subfield>
   <subfield code="2">rdacarrier</subfield>
  </datafield>
  <datafield tag="490" ind1="1" ind2=" ">
   <subfield code="a">Veröffentlichungen aus den Archiven Preußischer Kulturbesitz</subfield>
   <subfield code="a">Beihefte</subfield>
   <subfield code="v">6</subfield>
  </datafield>
  <datafield tag="500" ind1=" " ind2=" ">
   <subfield code="a">Literaturverz. S. 236 - 249</subfield>
  </datafield>
  <datafield tag="502" ind1=" " ind2=" ">
   <subfield code="a">Zugl.: Berlin, Univ., Habil.-Schr., 1997/98</subfield>
  </datafield>
  <datafield tag="600" ind1="1" ind2="7">
   <subfield code="0">(DE-588)118607782</subfield>
   <subfield code="0">(DE-627)133388123</subfield>
   <subfield code="0">(DE-576)162912358</subfield>
   <subfield code="a">Schinkel, Karl Friedrich</subfield>
   <subfield code="d">1781-1841</subfield>
   <subfield code="2">gnd</subfield>
  </datafield>
  <datafield tag="600" ind1="1" ind2="4">
   <subfield code="a">Gilly, David, 1748-1808</subfield>
  </datafield>
  <datafield tag="600" ind1="1" ind2="4">
   <subfield code="a">Schinkel, Karl Friedrich, 1781-1841</subfield>
  </datafield>
  <datafield tag="650" ind1="0" ind2="7">
   <subfield code="0">(DE-588)4144201-5</subfield>
   <subfield code="0">(DE-627)105600075</subfield>
   <subfield code="0">(DE-576)209732237</subfield>
   <subfield code="a">Bauverwaltung</subfield>
   <subfield code="2">gnd</subfield>
  </datafield>
  <datafield tag="650" ind1="0" ind2="7">
   <subfield code="0">(DE-588)4144204-0</subfield>
   <subfield code="0">(DE-627)105600059</subfield>
   <subfield code="0">(DE-576)209732261</subfield>
   <subfield code="a">Bauwesen</subfield>
   <subfield code="2">gnd</subfield>
  </datafield>
  <datafield tag="650" ind1=" " ind2="4">
   <subfield code="a">Building -- Germany -- Prussia -- History</subfield>
  </datafield>
  <datafield tag="650" ind1=" " ind2="4">
   <subfield code="a">Buildings -- Germany -- Prussia</subfield>
  </datafield>
  <datafield tag="650" ind1=" " ind2="4">
   <subfield code="a">Prussia (Germany) -- History</subfield>
  </datafield>
  <datafield tag="651" ind1=" " ind2="7">
   <subfield code="0">(DE-588)4047194-9</subfield>
   <subfield code="0">(DE-627)104516828</subfield>
   <subfield code="0">(DE-576)209072652</subfield>
   <subfield code="a">Preußen</subfield>
   <subfield code="2">gnd</subfield>
  </datafield>
  <datafield tag="653" ind1=" " ind2="0">
   <subfield code="a">Building - Germany - Prussia - History</subfield>
  </datafield>
  <datafield tag="653" ind1=" " ind2="0">
   <subfield code="a">Buildings - Germany - Prussia</subfield>
  </datafield>
  <datafield tag="653" ind1=" " ind2="0">
   <subfield code="a">Gilly, David, 1748-1808</subfield>
  </datafield>
  <datafield tag="653" ind1=" " ind2="0">
   <subfield code="a">Prussia (Germany) - History</subfield>
  </datafield>
  <datafield tag="653" ind1=" " ind2="0">
   <subfield code="a">Schinkel, Karl Friedrich, 1781-1841</subfield>
  </datafield>
  <datafield tag="655" ind1=" " ind2="7">
   <subfield code="a">Hochschulschrift</subfield>
   <subfield code="0">(DE-588)4113937-9</subfield>
   <subfield code="0">(DE-627)105825778</subfield>
   <subfield code="0">(DE-576)209480580</subfield>
   <subfield code="2">gnd-content</subfield>
  </datafield>
  <datafield tag="689" ind1="0" ind2="0">
   <subfield code="d">g</subfield>
   <subfield code="0">(DE-588)4047194-9</subfield>
   <subfield code="0">(DE-627)104516828</subfield>
   <subfield code="0">(DE-576)209072652</subfield>
   <subfield code="a">Preußen</subfield>
   <subfield code="2">gnd</subfield>
  </datafield>
  <datafield tag="689" ind1="0" ind2="1">
   <subfield code="d">s</subfield>
   <subfield code="0">(DE-588)4144201-5</subfield>
   <subfield code="0">(DE-627)105600075</subfield>
   <subfield code="0">(DE-576)209732237</subfield>
   <subfield code="a">Bauverwaltung</subfield>
   <subfield code="2">gnd</subfield>
  </datafield>
  <datafield tag="689" ind1="0" ind2="2">
   <subfield code="a">z</subfield>
   <subfield code="2">gnd</subfield>
   <subfield code="a">Geschichte 1723-1850</subfield>
  </datafield>
  <datafield tag="689" ind1="0" ind2=" ">
   <subfield code="5">DE-101</subfield>
  </datafield>
  <datafield tag="689" ind1="1" ind2="0">
   <subfield code="d">b</subfield>
   <subfield code="0">(DE-588)4585753-2</subfield>
   <subfield code="0">(DE-627)325267200</subfield>
   <subfield code="0">(DE-576)213976870</subfield>
   <subfield code="a">Preußen</subfield>
   <subfield code="b">Oberbaudeputation</subfield>
   <subfield code="2">gnd</subfield>
  </datafield>
  <datafield tag="689" ind1="1" ind2="1">
   <subfield code="a">z</subfield>
   <subfield code="2">gnd</subfield>
   <subfield code="a">Geschichte</subfield>
  </datafield>
  <datafield tag="689" ind1="1" ind2=" ">
   <subfield code="5">DE-101</subfield>
  </datafield>
  <datafield tag="689" ind1="2" ind2="0">
   <subfield code="d">b</subfield>
   <subfield code="0">(DE-588)4585753-2</subfield>
   <subfield code="0">(DE-627)325267200</subfield>
   <subfield code="0">(DE-576)213976870</subfield>
   <subfield code="a">Preußen</subfield>
   <subfield code="b">Oberbaudeputation</subfield>
   <subfield code="2">gnd</subfield>
  </datafield>
  <datafield tag="689" ind1="2" ind2="1">
   <subfield code="d">s</subfield>
   <subfield code="0">(DE-588)4020517-4</subfield>
   <subfield code="0">(DE-627)106317768</subfield>
   <subfield code="0">(DE-576)208933697</subfield>
   <subfield code="a">Geschichte</subfield>
   <subfield code="2">gnd</subfield>
  </datafield>
  <datafield tag="689" ind1="2" ind2="2">
   <subfield code="d">g</subfield>
   <subfield code="0">(DE-588)4047194-9</subfield>
   <subfield code="0">(DE-627)104516828</subfield>
   <subfield code="0">(DE-576)209072652</subfield>
   <subfield code="a">Preußen</subfield>
   <subfield code="2">gnd</subfield>
  </datafield>
  <datafield tag="689" ind1="2" ind2=" ">
   <subfield code="5">(DE-627)</subfield>
  </datafield>
  <datafield tag="689" ind1="3" ind2="0">
   <subfield code="d">p</subfield>
   <subfield code="0">(DE-588)118607782</subfield>
   <subfield code="0">(DE-627)133388123</subfield>
   <subfield code="0">(DE-576)162912358</subfield>
   <subfield code="a">Schinkel, Karl Friedrich</subfield>
   <subfield code="d">1781-1841</subfield>
   <subfield code="2">gnd</subfield>
  </datafield>
  <datafield tag="689" ind1="3" ind2="1">
   <subfield code="d">s</subfield>
   <subfield code="0">(DE-588)4144201-5</subfield>
   <subfield code="0">(DE-627)105600075</subfield>
   <subfield code="0">(DE-576)209732237</subfield>
   <subfield code="a">Bauverwaltung</subfield>
   <subfield code="2">gnd</subfield>
  </datafield>
  <datafield tag="689" ind1="3" ind2=" ">
   <subfield code="5">(DE-627)</subfield>
  </datafield>
  <datafield tag="751" ind1=" " ind2=" ">
   <subfield code="a">Berlin</subfield>
   <subfield code="4">uvp</subfield>
  </datafield>
  <datafield tag="787" ind1="0" ind2="8">
   <subfield code="i">Rezension</subfield>
   <subfield code="a">Börsch-Supan, Eva, 1932 - 2022</subfield>
   <subfield code="t">[Rezension von: Reinhart Strecke, Anfänge und Innovation der preußischen Bauverwaltung]</subfield>
   <subfield code="d">2001</subfield>
   <subfield code="w">(DE-627)1547880376</subfield>
   <subfield code="w">(DE-576)477880371</subfield>
  </datafield>
  <datafield tag="787" ind1="0" ind2="8">
   <subfield code="i">Rezension</subfield>
   <subfield code="a">Kahlow, Andreas</subfield>
   <subfield code="t">[Rezension von: Strecke, Reinhart, Anfänge und Innovation der preußischen Bauverwaltung, von David Gilly zu Karl Friedrich Schinkel]</subfield>
   <subfield code="d">2002</subfield>
   <subfield code="w">(DE-627)846900289</subfield>
  </datafield>
  <datafield tag="830" ind1=" " ind2="0">
   <subfield code="a">Veröffentlichungen aus den Archiven Preußischer Kulturbesitz / Beiheft</subfield>
   <subfield code="v">6</subfield>
   <subfield code="9">6</subfield>
   <subfield code="w">(DE-627)326176888</subfield>
   <subfield code="w">(DE-576)026783045</subfield>
   <subfield code="w">(DE-600)2040904-7</subfield>
   <subfield code="7">ns</subfield>
  </datafield>
  <datafield tag="856" ind1="4" ind2="2">
   <subfield code="u">http://d-nb.info/958838313/04</subfield>
   <subfield code="m">V:DE-605</subfield>
   <subfield code="q">application/pdf</subfield>
   <subfield code="3">Inhaltsverzeichnis</subfield>
  </datafield>
  <datafield tag="889" ind1=" " ind2=" ">
   <subfield code="w">(DE-627)30734200X</subfield>
  </datafield>
  <datafield tag="935" ind1=" " ind2=" ">
   <subfield code="a">BGTS</subfield>
  </datafield>
  <datafield tag="935" ind1=" " ind2=" ">
   <subfield code="i">mdedup</subfield>
  </datafield>
  <datafield tag="935" ind1=" " ind2=" ">
   <subfield code="i">sf</subfield>
  </datafield>
  <datafield tag="936" ind1="r" ind2="v">
   <subfield code="a">LK 79750</subfield>
   <subfield code="b">allgemein</subfield>
   <subfield code="k">Kunstgeschichte</subfield>
   <subfield code="k">Kunst nach Ländern bzw. Kontinenten</subfield>
   <subfield code="k">Deutschland</subfield>
   <subfield code="k">Deutsche Kunstgeschichte nach Gattungen</subfield>
   <subfield code="k">Architektur</subfield>
   <subfield code="k">Ordnung nach Aufgaben</subfield>
   <subfield code="k">Öffentliche Bauten (Brücken, Brunnen, Rathäuser, Parlamente, Bauten für Erziehung, Wissenschaft und Kunst etc.)</subfield>
   <subfield code="k">allgemein</subfield>
   <subfield code="0">(DE-627)1270641905</subfield>
   <subfield code="0">(DE-625)rvk/98296:154</subfield>
   <subfield code="0">(DE-576)200641905</subfield>
  </datafield>
  <datafield tag="936" ind1="r" ind2="v">
   <subfield code="a">LK 79530</subfield>
   <subfield code="b">19. und 20. Jahrhundert, insgesamt</subfield>
   <subfield code="k">Kunstgeschichte</subfield>
   <subfield code="k">Kunst nach Ländern bzw. Kontinenten</subfield>
   <subfield code="k">Deutschland</subfield>
   <subfield code="k">Deutsche Kunstgeschichte nach Gattungen</subfield>
   <subfield code="k">Architektur</subfield>
   <subfield code="k">Architekturgeschichte einzelner Epochen</subfield>
   <subfield code="k">Neuzeit</subfield>
   <subfield code="k">19., 20. und  21. Jahrhundert</subfield>
   <subfield code="k">19. und 20. Jahrhundert, insgesamt</subfield>
   <subfield code="0">(DE-627)1270705288</subfield>
   <subfield code="0">(DE-625)rvk/98277:</subfield>
   <subfield code="0">(DE-576)200705288</subfield>
  </datafield>
  <datafield tag="936" ind1="r" ind2="v">
   <subfield code="a">ZI 3800</subfield>
   <subfield code="b">Bauführung</subfield>
   <subfield code="k">Technik</subfield>
   <subfield code="k">Bauingenieurwesen</subfield>
   <subfield code="k">Bauwirtschaft</subfield>
   <subfield code="k">Bauführung</subfield>
   <subfield code="0">(DE-627)1270867113</subfield>
   <subfield code="0">(DE-625)rvk/156399:</subfield>
   <subfield code="0">(DE-576)200867113</subfield>
  </datafield>
  <datafield tag="936" ind1="r" ind2="v">
   <subfield code="a">ND 7240</subfield>
   <subfield code="b">Allgemeines</subfield>
   <subfield code="k">Geschichte</subfield>
   <subfield code="k">Historische Hilfswissenschaften</subfield>
   <subfield code="k">Genealogie und Familiengeschichte</subfield>
   <subfield code="k">Allgemeines</subfield>
   <subfield code="0">(DE-627)1271448459</subfield>
   <subfield code="0">(DE-625)rvk/125123:</subfield>
   <subfield code="0">(DE-576)201448459</subfield>
  </datafield>
  <datafield tag="936" ind1="r" ind2="v">
   <subfield code="a">NR 6870</subfield>
   <subfield code="b">Einzelbeiträge</subfield>
   <subfield code="k">Geschichte</subfield>
   <subfield code="k">Landes- und Stadtgeschichte (Allgemeine, Deutsche und Österreichische Landes- und Stadtgeschichte, Ausländische Stadtgeschichte, Geschichte der Auslanddeutschen)</subfield>
   <subfield code="k">Deutsche Landesgeschichte im Einzelnen (einschl. ehemaliger deutscher Gebiete)</subfield>
   <subfield code="k">Brandenburg-Preußen, Staat Preußen</subfield>
   <subfield code="k">Einzelbeiträge</subfield>
   <subfield code="0">(DE-627)1270708694</subfield>
   <subfield code="0">(DE-625)rvk/129672:</subfield>
   <subfield code="0">(DE-576)200708694</subfield>
  </datafield>
  <datafield tag="936" ind1="r" ind2="v">
   <subfield code="a">NT 6006</subfield>
   <subfield code="b">Einzelbeiträge zur Neuzeit</subfield>
   <subfield code="k">Geschichte</subfield>
   <subfield code="k">Allgemeine Rechts-, Verfassungs- und Verwaltungsgeschichte</subfield>
   <subfield code="k">Darstellungen zur Rechts-, Verfassungs- und Verwaltungsgeschichte</subfield>
   <subfield code="k">Einzelne Staaten und Völker</subfield>
   <subfield code="k">Europa</subfield>
   <subfield code="k">Deutsche Rechtsgeschichte</subfield>
   <subfield code="k">Einzelbeiträge zur Neuzeit</subfield>
   <subfield code="0">(DE-627)1271461226</subfield>
   <subfield code="0">(DE-625)rvk/131073:</subfield>
   <subfield code="0">(DE-576)201461226</subfield>
  </datafield>
  <datafield tag="936" ind1="r" ind2="v">
   <subfield code="a">ZI 2850</subfield>
   <subfield code="b">Geschichte des Bauingenieurwesens</subfield>
   <subfield code="k">Technik</subfield>
   <subfield code="k">Bauingenieurwesen</subfield>
   <subfield code="k">Geschichte des Bauingenieurwesens</subfield>
   <subfield code="0">(DE-627)1272121518</subfield>
   <subfield code="0">(DE-625)rvk/156370:</subfield>
   <subfield code="0">(DE-576)202121518</subfield>
  </datafield>
  <datafield tag="936" ind1="r" ind2="v">
   <subfield code="a">NR 6800</subfield>
   <subfield code="b">Landesgeschichte</subfield>
   <subfield code="k">Geschichte</subfield>
   <subfield code="k">Landes- und Stadtgeschichte (Allgemeine, Deutsche und Österreichische Landes- und Stadtgeschichte, Ausländische Stadtgeschichte, Geschichte der Auslanddeutschen)</subfield>
   <subfield code="k">Deutsche Landesgeschichte im Einzelnen (einschl. ehemaliger deutscher Gebiete)</subfield>
   <subfield code="k">Brandenburg-Preußen, Staat Preußen</subfield>
   <subfield code="k">Landesgeschichte</subfield>
   <subfield code="0">(DE-627)1270931490</subfield>
   <subfield code="0">(DE-625)rvk/129670:</subfield>
   <subfield code="0">(DE-576)200931490</subfield>
  </datafield>
  <datafield tag="936" ind1="r" ind2="v">
   <subfield code="a">LK 79750-LK 79755</subfield>
   <subfield code="b">Öffentliche Bauten (Brücken, Brunnen, Rathäuser, Parlamente, Bauten für Erziehung, Wissenschaft und Kunst etc.)</subfield>
   <subfield code="k">Kunstgeschichte</subfield>
   <subfield code="k">Kunst nach Ländern bzw. Kontinenten</subfield>
   <subfield code="k">Deutschland</subfield>
   <subfield code="k">Deutsche Kunstgeschichte nach Gattungen</subfield>
   <subfield code="k">Architektur</subfield>
   <subfield code="k">Ordnung nach Aufgaben</subfield>
   <subfield code="k">Öffentliche Bauten (Brücken, Brunnen, Rathäuser, Parlamente, Bauten für Erziehung, Wissenschaft und Kunst etc.)</subfield>
   <subfield code="0">(DE-627)139897613X</subfield>
   <subfield code="0">(DE-625)rvk/98296:153</subfield>
   <subfield code="0">(DE-576)32897613X</subfield>
  </datafield>
  <datafield tag="936" ind1="r" ind2="v">
   <subfield code="a">LK 79754</subfield>
   <subfield code="b">19. und 20. Jahrhundert</subfield>
   <subfield code="k">Kunstgeschichte</subfield>
   <subfield code="k">Kunst nach Ländern bzw. Kontinenten</subfield>
   <subfield code="k">Deutschland</subfield>
   <subfield code="k">Deutsche Kunstgeschichte nach Gattungen</subfield>
   <subfield code="k">Architektur</subfield>
   <subfield code="k">Ordnung nach Aufgaben</subfield>
   <subfield code="k">Öffentliche Bauten (Brücken, Brunnen, Rathäuser, Parlamente, Bauten für Erziehung, Wissenschaft und Kunst etc.)</subfield>
   <subfield code="k">19. und 20. Jahrhundert</subfield>
   <subfield code="0">(DE-627)1270642065</subfield>
   <subfield code="0">(DE-625)rvk/98296:158</subfield>
   <subfield code="0">(DE-576)200642065</subfield>
  </datafield>
  <datafield tag="936" ind1="r" ind2="v">
   <subfield code="a">LI 79700</subfield>
   <subfield code="b">Schinkel, Karl Friedrich</subfield>
   <subfield code="k">Kunstgeschichte</subfield>
   <subfield code="k">Künstler-Monografien</subfield>
   <subfield code="k">Alphabetische Künstlerliste</subfield>
   <subfield code="k">Künstler S</subfield>
   <subfield code="k">Schinkel, Karl Friedrich</subfield>
   <subfield code="0">(DE-627)1270742760</subfield>
   <subfield code="0">(DE-625)rvk/97057:</subfield>
   <subfield code="0">(DE-576)200742760</subfield>
  </datafield>
  <datafield tag="936" ind1="r" ind2="v">
   <subfield code="a">LI 33550</subfield>
   <subfield code="b">Gilly, David</subfield>
   <subfield code="k">Kunstgeschichte</subfield>
   <subfield code="k">Künstler-Monografien</subfield>
   <subfield code="k">Alphabetische Künstlerliste</subfield>
   <subfield code="k">Künstler G</subfield>
   <subfield code="k">Gilly, David</subfield>
   <subfield code="0">(DE-627)127113229X</subfield>
   <subfield code="0">(DE-625)rvk/96101:</subfield>
   <subfield code="0">(DE-576)20113229X</subfield>
  </datafield>
  <datafield tag="936" ind1="b" ind2="k">
   <subfield code="a">15.12</subfield>
   <subfield code="j">Genealogie</subfield>
   <subfield code="j">Heraldik</subfield>
   <subfield code="q">coli-conc RVK-&gt;BK</subfield>
   <subfield code="q">https://coli-conc.gbv.de/api/mappings/3c732f8f-b22f-4746-9c4a-27c9e961a8fd</subfield>
   <subfield code="0">(DE-627)10640458X</subfield>
  </datafield>
  <datafield tag="936" ind1="b" ind2="k">
   <subfield code="a">21.60</subfield>
   <subfield code="j">Baugeschichte: Allgemeines</subfield>
   <subfield code="0">(DE-627)106421247</subfield>
  </datafield>
  <datafield tag="936" ind1="b" ind2="k">
   <subfield code="a">56.01</subfield>
   <subfield code="j">Geschichte des Bauingenieurwesens</subfield>
   <subfield code="0">(DE-627)106412132</subfield>
  </datafield>
  <datafield tag="936" ind1="b" ind2="k">
   <subfield code="a">88.11</subfield>
   <subfield code="j">Zentrale staatliche Verwaltung</subfield>
   <subfield code="0">(DE-627)106417819</subfield>
  </datafield>
  <datafield tag="936" ind1="b" ind2="k">
   <subfield code="a">15.46</subfield>
   <subfield code="j">Brandenburg</subfield>
   <subfield code="j">Preußen</subfield>
   <subfield code="j">Berlin</subfield>
   <subfield code="x">Deutsche Geschichte</subfield>
   <subfield code="0">(DE-627)181569698</subfield>
  </datafield>
  <datafield tag="951" ind1=" " ind2=" ">
   <subfield code="a">BO</subfield>
  </datafield>
  <datafield tag="990" ind1=" " ind2=" ">
   <subfield code="a">Preußen</subfield>
  </datafield>
  <datafield tag="990" ind1=" " ind2=" ">
   <subfield code="a">Bauverwaltung</subfield>
  </datafield>
  <datafield tag="990" ind1=" " ind2=" ">
   <subfield code="a">Geschichte 1723-1850</subfield>
  </datafield>
  <datafield tag="990" ind1=" " ind2=" ">
   <subfield code="a">Preußen / Oberbaudeputation</subfield>
  </datafield>
  <datafield tag="990" ind1=" " ind2=" ">
   <subfield code="a">Geschichte</subfield>
  </datafield>
  <datafield tag="990" ind1=" " ind2=" ">
   <subfield code="a">Preußen / Oberbaudeputation</subfield>
  </datafield>
  <datafield tag="990" ind1=" " ind2=" ">
   <subfield code="a">Geschichte</subfield>
  </datafield>
  <datafield tag="990" ind1=" " ind2=" ">
   <subfield code="a">Preußen</subfield>
  </datafield>
  <datafield tag="990" ind1=" " ind2=" ">
   <subfield code="a">Schinkel, Karl Friedrich</subfield>
  </datafield>
  <datafield tag="990" ind1=" " ind2=" ">
   <subfield code="a">Bauverwaltung</subfield>
  </datafield>
  <datafield tag="991" ind1=" " ind2=" ">
   <subfield code="a">Rezensiertes Werk</subfield>
  </datafield>
  <datafield tag="999" ind1=" " ind2=" ">
   <subfield code="a">KXP-PPN1608301168</subfield>
   <subfield code="e">4077535301</subfield>
  </datafield>
 </record>
</collection>
